000 00274nam a22001217a 4500
008 170420b xxu||||| |||| 00| 0 eng d
041 _aSRB
080 _a573
100 _a11
101 _aSHM
245 _aANTIMIKROBNA TERAPIJA U PEDIJATRIJI
_cVLAJIC, B
942 _2udc
_cBK
999 _c11367
_d11367